Devinez les pays à partir des indices - Statistiques

Statistiques générales
  • Ce quiz a été pris 116 fois
  • Le résultat moyen est 6 sur 10
Statistiques - réponses
Indice Pays % Correct
Pays européen dont le drapeau est le seul carré au monde, avec une croix blanche sur fond rouge. suisse
85%
Pays enclavé en Afrique du Sud, souvent surnommé "le Royaume dans le ciel" Lesotho
80%
Pays sud-américain connu pour ses chutes d’Iguazú et sa danse nationale, le tango Argentine
76%
Pays où le lac Titicaca partage ses eaux avec un voisin Bolivie
70%
Ce pays, le plus petit d’Amérique centrale, est surnommé "le pays des volcans" Salvador
60%
Ce pays a deux îles principales, Te Ika-a-Māui et Te Waipounamu, et des oiseaux incapables de voler comme le kiwi Nouvelle-Zélande
59%
Archipel du Pacifique ayant une capitale nommée Funafuti et étant l’un des plus petits États au monde Tuvalu
53%
Pays d’Asie centrale, connu pour ses cavaliers jouant au kok-boru avec une carcasse de chèvre Kirghizistan
48%
Pays possédant la plus grande partie du désert du Kalahari Botswana
31%
Ce pays asiatique a pour capitale un mot composé signifiant "ville du moine" Thaïlande
29%
Aucun quiz correspondant
Distribution des résultats
% des personnes avec chaque résultat
Percentile par nombre de réponses
Votre historique - résultats
Vous n’avez pas pris ce quiz